00510nam a2200181 a 45000010010000000030011000100080041000210350026000620820014000881000015001022450021001172600039001386500014001779420012001919520090002039980020002939990015003130000-8539ELIB.Books110520 1989  a(ELIB.Books)0000-8684 a253 bLea aLeadership aThe Unity Factor bTexas: Word Books Publisher c1989 aPreaching 2ddccBK 00102ddc4070aKBTSbKBTSd2011-05-20l0p2986r2022-01-22 00:00:00w2022-01-22yBK cbate2011-05-20 c8539d8539